Colt - americká legenda : Vydanie k stopäťdesiatemu výročiu založenia Coltovej továrne
Guardado en:
| Autor principal: | |
|---|---|
| Otros Autores: | |
| Formato: | Libro |
| Lenguaje: | eslovaco |
| Publicado: |
Praha :
Ottovo nakladatelství,
1997
|
| Edición: | 1. |
| Materias: | |
| Acceso en línea: | OBSAH |
| Etiquetas: |
Sin Etiquetas, Sea el primero en etiquetar este registro!
|
MARC
| LEADER | 00000nam a22000003a 4500 | ||
|---|---|---|---|
| 001 | stu56968 | ||
| 005 | 20150617225652.6 | ||
| 008 | 010220s1997----xr------------------slo-d | ||
| 020 | |a 80-7181-001-0 | ||
| 040 | |a STU |b slo | ||
| 041 | 0 | |a slo | |
| 044 | |a xr | ||
| 080 | |a 623.441 | ||
| 100 | 1 | |a Wilson, R.L. |4 aut | |
| 245 | 1 | |a Colt - americká legenda : |b Vydanie k stopäťdesiatemu výročiu založenia Coltovej továrne | |
| 250 | |a 1. | ||
| 260 | |a Praha : |b Ottovo nakladatelství, |c 1997 | ||
| 300 | |a 391 s | ||
| 650 | 7 | |a Zbrane ručné-história |2 stusub | |
| 650 | 7 | |a Colty-história |2 stusub | |
| 700 | 1 | |a Latham, Sid |4 pht | |
| 856 | 4 | |a https://sweb.mtf.stuba.sk/obsahy/colt_americka_legenda_97 |u https://sweb.mtf.stuba.sk/obsahy/colt_americka_legenda_97 |3 OBSAH | |
| 996 | |b 284M023947 |c M*10657-1 |l MMST |s A |a 24 |w stu56968_0001 | ||